Polemika o vztahu neoklasické produkční funkce a teorie rozdělování

Predpoklady na ktorých stojí neoklasická interpretácia produkčnej funkcie a sprostredkovane celá neoklasická teória rastu a rozdelovania dôchodkov. Historický vývoj konceptu makroekonomickej produkčnej funkcie. Prednosti neoklasickej interpretácie Cobbovej-Douglasovej produkčnej funkcie. Jej probl...

Descrizione completa

Salvato in:
Dettagli Bibliografici
Autore principale: Nedomlelová, Iva
Altri autori: Kocourek, Aleš
Natura: Capitolo di libro
Lingua:ceco
Soggetti:
Tags: Aggiungi Tag
Nessun Tag, puoi essere il primo ad aggiungerne!!

MARC

LEADER 00000naa$a2200000$$$4500
001 0116805
005 20231102114358.6
041 0 |a cze 
044 |a SK 
245 1 0 |a Polemika o vztahu neoklasické produkční funkce a teorie rozdělování  |c Iva Nedomlelová, Aleš Kocourek 
520 |a Predpoklady na ktorých stojí neoklasická interpretácia produkčnej funkcie a sprostredkovane celá neoklasická teória rastu a rozdelovania dôchodkov. Historický vývoj konceptu makroekonomickej produkčnej funkcie. Prednosti neoklasickej interpretácie Cobbovej-Douglasovej produkčnej funkcie. Jej problematické oblasti. 
610 2 0 |a teória rozdeľovania 
610 2 0 |a funkcie produkčné 
610 2 0 |a postkeynesizmus 
610 2 0 |a kapitál ľudský 
100 1 |a Nedomlelová, Iva 
700 1 |a Kocourek, Aleš